[Event "EYCC 2024 - O16"]
[Site "?"]
[Date "2024.08.31"]
[Round "9.11"]
[White "Vagman, Roy"]
[Black "Kozlovic, Jernej"]
[Result "1/2-1/2"]
[BlackElo "2334"]
[WhiteElo "2302"]
[LiveChessVersion "1.4.8"]

1. e4 {[%clk 1:30:57]} e5 {[%clk 1:30:52]} 2. Nf3 {[%clk 1:31:21]} Nc6
{[%clk 1:31:09]} 3. Bb5 {[%clk 1:31:45]} a6 {[%clk 1:31:30]} 4. Ba4
{[%clk 1:32:10]} Nge7 {[%clk 1:31:54]} 5. Nc3 {[%clk 1:32:15]} Ng6
{[%clk 1:32:17]} 6. h4 {[%clk 1:32:22]} h5 {[%clk 1:32:41]} 7. d4
{[%clk 1:27:29]} Bb4 {[%clk 1:33:03]} 8. Bxc6 {[%clk 1:24:42]} dxc6
{[%clk 1:33:24]} 9. Nxe5 {[%clk 1:25:03]} Nxe5 {[%clk 1:33:47]} 10. dxe5
{[%clk 1:25:28]} Qxd1+ {[%clk 1:34:05]} 11. Kxd1 {[%clk 1:25:52]} Bxc3
{[%clk 1:34:25]} 12. bxc3 {[%clk 1:26:15]} Be6 {[%clk 1:31:13]} 13. Bg5
{[%clk 1:21:45]} Kd7 {[%clk 1:29:26]} 14. f3 {[%clk 1:21:28]} c5 {[%clk 1:29:38]}
15. Ke2 {[%clk 1:17:36]} Kc6 {[%clk 1:29:38]} 16. Rhe1 {[%clk 1:11:45]} b5
{[%clk 1:24:56]} 17. a3 {[%clk 1:08:49]} a5 {[%clk 1:16:52]} 18. Rab1
{[%clk 1:05:11]} Rhb8 {[%clk 1:01:18]} 19. Bd2 {[%clk 0:59:39]} b4
{[%clk 0:44:12]} 20. cxb4 {[%clk 0:56:21]} cxb4 {[%clk 0:44:23]} 21. a4
{[%clk 0:53:55]} Rd8 {[%clk 0:32:39]} 22. Be3 {[%clk 0:53:01]} Kb7
{[%clk 0:27:30]} 23. Red1 {[%clk 0:41:14]} Rxd1 {[%clk 0:16:59]} 24. Rxd1
{[%clk 0:38:28]} Ra6 {[%clk 0:17:16]} 25. Rd2 {[%clk 0:35:10]} Kc8
{[%clk 0:12:01]} 26. Rd1 {[%clk 0:25:12]} Bd7 {[%clk 0:09:19]} 27. Ra1
{[%clk 0:24:46]} Rg6 {[%clk 0:09:30]} 28. Kf2 {[%clk 0:23:28]} Rc6
{[%clk 0:09:52]} 29. Ra2 {[%clk 0:23:47]} Be6 {[%clk 0:10:13]} 30. Rb2
{[%clk 0:24:10]} Rc3 {[%clk 0:10:34]} 31. Bd4 {[%clk 0:16:41]} Ra3
{[%clk 0:10:28]} 32. Kg3 {[%clk 0:15:13]} Rxa4 {[%clk 0:10:39]} 33. Kf4
{[%clk 0:15:00]} Kd7 {[%clk 0:04:08]} 34. Kg5 {[%clk 0:11:48]} Kc6
{[%clk 0:02:19]} 35. f4 {[%clk 0:09:27]} Kb5 {[%clk 0:01:16]} 36. f5
{[%clk 0:09:37]} Bc4 {[%clk 0:01:05]} 37. Kxh5 {[%clk 0:08:37]} Ra3
{[%clk 0:01:04]} 38. e6 {[%clk 0:06:45]} fxe6 {[%clk 0:01:28]} 39. g4
{[%clk 0:07:09]} exf5 {[%clk 0:01:36]} 40. exf5 {[%clk 0:07:36]} Rg3
{[%clk 0:01:34]} 41. Bxg7 {[%clk 0:05:52]} Be2 {[%clk 0:01:04]} 42. c4+
{[%clk 0:05:43]} Bxc4 {[%clk 0:01:33]} 43. g5 {[%clk 0:06:09]} a4
{[%clk 0:01:45]} 44. g6 {[%clk 0:06:23]} a3 {[%clk 0:01:21]} 45. Rf2
{[%clk 0:05:11]} b3 {[%clk 0:01:34]} 46. Ba1 {[%clk 0:04:29]} Bd3
{[%clk 0:01:48]} 47. Kh6 {[%clk 0:04:02]} c5 {[%clk 0:02:06]} 48. h5
{[%clk 0:04:14]} Bxf5 {[%clk 0:01:33]} 49. Rxf5 {[%clk 0:03:25]} Kb4
{[%clk 0:00:32]} 50. g7 {[%clk 0:03:12]} b2 {[%clk 0:00:47]} 51. Rf1
{[%clk 0:03:27]} c4 {[%clk 0:01:00]} 52. Kh7 {[%clk 0:03:27]} c3 {[%clk 0:01:21]}
53. h6 {[%clk 0:02:39]} c2 {[%clk 0:01:38]} 54. Bxb2 {[%clk 0:02:27]} axb2
{[%clk 0:02:02]} 55. g8=Q {[%clk 0:02:23]} Rxg8 {[%clk 0:02:14]} 56. Kxg8
{[%clk 0:02:49]} b1=Q {[%clk 0:02:23]} 57. Rxb1+ {[%clk 0:03:15]} cxb1=Q
{[%clk 0:02:47]} 58. h7 {[%clk 0:03:43]} 1/2-1/2

[Event "EYCC 2024 - O16"]
[Site "?"]
[Date "2024.08.31"]
[Round "9.12"]
[White "Trevisiol, Antoine"]
[Black "Nemec, Jachym"]
[Result "0-1"]
[BlackElo "2414"]
[WhiteElo "2177"]
[LiveChessVersion "1.4.8"]

1. Nf3 {[%clk 1:30:54]} d5 {[%clk 1:30:48]} 2. g3 {[%clk 1:31:07]} Nd7
{[%clk 1:29:19]} 3. d4 {[%clk 1:28:49]} Nb6 {[%clk 1:29:30]} 4. Bg2
{[%clk 1:28:03]} Bf5 {[%clk 1:29:51]} 5. b3 {[%clk 1:19:11]} e6 {[%clk 1:29:08]}
6. Bb2 {[%clk 1:17:25]} h6 {[%clk 1:29:26]} 7. Nbd2 {[%clk 1:17:07]} Nf6
{[%clk 1:29:50]} 8. c4 {[%clk 1:14:13]} c6 {[%clk 1:29:04]} 9. Ne5
{[%clk 1:12:16]} a5 {[%clk 1:27:24]} 10. a3 {[%clk 1:08:15]} Be7 {[%clk 1:23:43]}
11. O-O {[%clk 1:06:34]} O-O {[%clk 1:24:00]} 12. c5 {[%clk 0:53:54]} Nbd7
{[%clk 1:22:18]} 13. Nxd7 {[%clk 0:50:15]} Nxd7 {[%clk 1:22:46]} 14. b4
{[%clk 0:50:11]} Qc7 {[%clk 1:20:45]} 15. f3 {[%clk 0:40:47]} Bh7
{[%clk 1:15:07]} 16. e4 {[%clk 0:40:03]} b6 {[%clk 1:15:10]} 17. Bc3
{[%clk 0:37:05]} bxc5 {[%clk 1:12:33]} 18. dxc5 {[%clk 0:31:43]} Bf6
{[%clk 1:09:50]} 19. Bxf6 {[%clk 0:27:40]} Nxf6 {[%clk 1:10:01]} 20. Qe2
{[%clk 0:26:17]} Qe5 {[%clk 1:07:45]} 21. Rab1 {[%clk 0:21:57]} axb4
{[%clk 1:07:21]} 22. axb4 {[%clk 0:22:13]} Ra2 {[%clk 1:05:00]} 23. Qe3
{[%clk 0:21:34]} dxe4 {[%clk 1:03:19]} 24. Nxe4 {[%clk 0:19:09]} Bxe4
{[%clk 1:03:44]} 25. fxe4 {[%clk 0:18:38]} Rd8 {[%clk 1:04:06]} 26. Rfd1
{[%clk 0:17:49]} Rxd1+ {[%clk 1:04:16]} 27. Rxd1 {[%clk 0:18:12]} Qb2
{[%clk 1:04:31]} 28. Qf3 {[%clk 0:14:17]} Qxb4 {[%clk 1:04:32]} 29. h3
{[%clk 0:09:24]} Qxc5+ {[%clk 1:04:42]} 30. Kh2 {[%clk 0:09:48]} Qe5
{[%clk 1:03:17]} 31. Rd8+ {[%clk 0:08:56]} Kh7 {[%clk 1:03:41]} 32. Rf8
{[%clk 0:08:56]} Kg6 {[%clk 1:02:44]} 33. Kh1 {[%clk 0:07:10]} Ra1+
{[%clk 1:00:18]} 34. Bf1 {[%clk 0:06:53]} Qxe4 {[%clk 0:58:48]} 35. Qxe4+
{[%clk 0:07:16]} Nxe4 {[%clk 0:59:16]} 36. Kg2 {[%clk 0:07:33]} Ra2+
{[%clk 0:59:34]} 37. Kf3 {[%clk 0:07:02]} Nd2+ {[%clk 0:59:59]} 0-1

[Event "EYCC 2024 - O16"]
[Site "?"]
[Date "2024.08.31"]
[Round "9.13"]
[White "Podolskyi, Mykhailo"]
[Black "Davudov, Tunar"]
[Result "1-0"]
[BlackElo "2238"]
[WhiteElo "2329"]
[LiveChessVersion "1.4.8"]

1. d4 {[%clk 1:30:58]} Nf6 {[%clk 1:30:42]} 2. c4 {[%clk 1:31:20]} e6
{[%clk 1:31:00]} 3. Nf3 {[%clk 1:31:30]} d5 {[%clk 1:30:07]} 4. Nc3
{[%clk 1:31:48]} Be7 {[%clk 1:30:18]} 5. Bg5 {[%clk 1:30:25]} O-O
{[%clk 1:30:22]} 6. e3 {[%clk 1:30:41]} Nbd7 {[%clk 1:30:23]} 7. Rc1
{[%clk 1:30:26]} c6 {[%clk 1:30:23]} 8. Qc2 {[%clk 1:29:28]} b6 {[%clk 1:27:12]}
9. cxd5 {[%clk 1:28:36]} exd5 {[%clk 1:27:30]} 10. Bd3 {[%clk 1:26:48]} Bb7
{[%clk 1:27:19]} 11. O-O {[%clk 1:27:04]} c5 {[%clk 1:22:44]} 12. Rfd1
{[%clk 1:18:51]} g6 {[%clk 1:09:52]} 13. dxc5 {[%clk 1:05:26]} bxc5
{[%clk 1:05:16]} 14. Bb5 {[%clk 1:04:42]} Nb6 {[%clk 0:59:33]} 15. Bh6
{[%clk 1:02:20]} d4 {[%clk 0:56:01]} 16. Bxf8 {[%clk 0:46:09]} Qxf8
{[%clk 0:43:41]} 17. exd4 {[%clk 0:45:24]} Bxf3 {[%clk 0:43:57]} 18. gxf3
{[%clk 0:45:50]} cxd4 {[%clk 0:43:23]} 19. Rxd4 {[%clk 0:45:18]} Bc5
{[%clk 0:42:18]} 20. Rd2 {[%clk 0:44:13]} Bd6 {[%clk 0:37:14]} 21. Ne2
{[%clk 0:36:21]} Bxh2+ {[%clk 0:32:22]} 22. Kxh2 {[%clk 0:35:25]} Qh6+
{[%clk 0:32:25]} 23. Kg2 {[%clk 0:34:51]} Qg5+ {[%clk 0:32:43]} 24. Ng3
{[%clk 0:35:13]} Qxb5 {[%clk 0:33:02]} 25. Qc5 {[%clk 0:35:09]} Qe8
{[%clk 0:26:38]} 26. Rcd1 {[%clk 0:35:24]} Nfd7 {[%clk 0:14:42]} 27. Qc6
{[%clk 0:33:50]} Rc8 {[%clk 0:12:24]} 28. Qb7 {[%clk 0:33:32]} Nf8
{[%clk 0:05:34]} 29. Ne4 {[%clk 0:29:22]} Qc6 {[%clk 0:04:07]} 30. Qxc6
{[%clk 0:24:22]} Rxc6 {[%clk 0:04:19]} 31. Rd3 {[%clk 0:22:47]} Ne6
{[%clk 0:03:57]} 32. Rc3 {[%clk 0:22:49]} Nf4+ {[%clk 0:04:16]} 33. Kf1
{[%clk 0:23:18]} Re6 {[%clk 0:03:58]} 34. Rc7 {[%clk 0:22:54]} Nbd5
{[%clk 0:01:02]} 35. Rxa7 {[%clk 0:22:39]} Re5 {[%clk 0:00:47]} 36. Rd7
{[%clk 0:21:17]} Kg7 {[%clk 0:01:04]} 37. a4 {[%clk 0:19:45]} Nb6
{[%clk 0:00:38]} 38. Rb7 {[%clk 0:19:06]} Nxa4 39. Rdd7 {[%clk 0:18:47]} Rf5 1-0

[Event "EYCC 2024 - O16"]
[Site "?"]
[Date "2024.08.31"]
[Round "9.14"]
[White "Smeets, Kobe"]
[Black "Ramaj, Ergit"]
[Result "0-1"]
[BlackElo "2181"]
[WhiteElo "2322"]
[LiveChessVersion "1.4.8"]

1. e4 {[%clk 1:30:55]} c5 {[%clk 1:30:39]} 2. Nf3 {[%clk 1:31:12]} d6
{[%clk 1:30:58]} 3. Bb5+ {[%clk 1:31:07]} Bd7 {[%clk 1:30:26]} 4. Bxd7+
{[%clk 1:31:28]} Qxd7 {[%clk 1:30:42]} 5. c4 {[%clk 1:31:52]} Nf6
{[%clk 1:30:14]} 6. Nc3 {[%clk 1:32:12]} Nc6 {[%clk 1:30:06]} 7. d4
{[%clk 1:32:33]} cxd4 {[%clk 1:30:22]} 8. Nxd4 {[%clk 1:32:57]} g6
{[%clk 1:29:53]} 9. f3 {[%clk 1:33:17]} Bg7 {[%clk 1:30:10]} 10. Be3
{[%clk 1:33:40]} O-O {[%clk 1:29:59]} 11. O-O {[%clk 1:34:03]} Rfc8
{[%clk 1:28:37]} 12. Nde2 {[%clk 1:31:08]} Qd8 {[%clk 1:21:08]} 13. Rc1
{[%clk 1:30:15]} a6 {[%clk 1:19:03]} 14. a4 {[%clk 1:25:03]} Qa5 {[%clk 1:08:20]}
15. b3 {[%clk 1:23:05]} Nd7 {[%clk 1:06:52]} 16. Nd5 {[%clk 1:21:20]} e6
{[%clk 1:03:47]} 17. Ndc3 {[%clk 1:19:30]} Nc5 {[%clk 1:02:35]} 18. Na2
{[%clk 1:09:52]} b5 {[%clk 0:48:49]} 19. b4 {[%clk 0:57:40]} Nxb4
{[%clk 0:45:03]} 20. Qd2 {[%clk 0:38:19]} Qxa4 {[%clk 0:34:22]} 21. Nac3
{[%clk 0:37:36]} Qa5 {[%clk 0:32:02]} 22. Ra1 {[%clk 0:34:33]} Qd8
{[%clk 0:28:27]} 23. Rab1 {[%clk 0:33:01]} Ncd3 {[%clk 0:22:46]} 24. cxb5
{[%clk 0:32:37]} axb5 {[%clk 0:22:24]} 25. Nd4 {[%clk 0:32:33]} Ra3
{[%clk 0:16:29]} 26. Ncxb5 {[%clk 0:29:01]} Ra2 {[%clk 0:16:39]} 27. Qd1
{[%clk 0:28:38]} Qd7 {[%clk 0:11:18]} 28. Bd2 {[%clk 0:16:00]} Nc2
{[%clk 0:09:34]} 29. Bc3 {[%clk 0:13:28]} Rxc3 {[%clk 0:08:43]} 30. Nxc3
{[%clk 0:13:52]} Bxd4+ {[%clk 0:08:15]} 31. Kh1 {[%clk 0:14:21]} Bxc3
{[%clk 0:06:03]} 32. Qxd3 {[%clk 0:14:50]} Bf6 {[%clk 0:05:31]} 33. Qc4
{[%clk 0:10:55]} Qa7 {[%clk 0:02:25]} 34. Rfc1 {[%clk 0:09:12]} Ne3
{[%clk 0:01:42]} 35. Qc8+ {[%clk 0:08:53]} Kg7 {[%clk 0:02:12]} 36. Rb7
{[%clk 0:08:32]} Qa3 {[%clk 0:01:34]} 37. Qc7 {[%clk 0:07:45]} Kh6
{[%clk 0:01:21]} 38. Rg1 {[%clk 0:06:31]} Ra1 {[%clk 0:01:19]} 39. Rbb1
{[%clk 0:01:16]} Rxb1 {[%clk 0:01:26]} 40. Rxb1 {[%clk 0:01:45]} Nxg2
{[%clk 0:01:03]} 41. Qc2 {[%clk 0:00:36]} Nf4 {[%clk 0:00:57]} 42. Qf2
{[%clk 0:00:41]} Kg7 {[%clk 0:01:06]} 43. Rd1 {[%clk 0:01:00]} Be5
{[%clk 0:01:20]} 44. Rf1 {[%clk 0:00:32]} Qd3 {[%clk 0:01:28]} 45. Re1
{[%clk 0:00:54]} Bd4 {[%clk 0:01:36]} 46. Qg3 {[%clk 0:01:05]} e5
{[%clk 0:01:37]} 47. h4 {[%clk 0:01:21]} Qd2 {[%clk 0:01:32]} 48. Rf1
{[%clk 0:01:32]} Nd3 {[%clk 0:01:09]} 49. Qg2 {[%clk 0:01:13]} Qf4
{[%clk 0:01:13]} 50. Qh2 {[%clk 0:01:22]} Qf6 {[%clk 0:01:03]} 51. Qg3
{[%clk 0:01:42]} h5 {[%clk 0:01:05]} 52. Kg2 {[%clk 0:01:55]} Nf4+
{[%clk 0:01:25]} 53. Kh1 {[%clk 0:02:07]} Ne6 {[%clk 0:01:11]} 54. Rb1
{[%clk 0:02:05]} Qf4 {[%clk 0:00:57]} 55. Kh2 {[%clk 0:02:08]} Qd2+
{[%clk 0:01:06]} 56. Qg2 {[%clk 0:02:25]} Qd3 {[%clk 0:01:15]} 57. Rb7
{[%clk 0:02:07]} Nf4 {[%clk 0:01:13]} 58. Qa2 {[%clk 0:00:58]} d5
{[%clk 0:01:01]} 59. exd5 {[%clk 0:01:06]} Qf1 {[%clk 0:01:03]} 60. Rb1
{[%clk 0:00:58]} Qh3# 0-1